| 000 | 00522nam a2200157 4500 | ||
|---|---|---|---|
| 001 | 123855 | ||
| 003 | ES-MaACL | ||
| 007 | t| | ||
| 008 | 070214s1954 sp r ||||1| spa d | ||
| 100 | 1 |
_aRamírez, Santiago María. _995113 |
|
| 245 | 1 | 3 |
_aEl concepto de Filosofía / _cSantiago María Ramírez ; traducción y prólogo de Jesús García López. |
| 260 |
_aMadrid : _bLeón, _c1954. |
||
| 300 |
_a265 p. ; _c20 cm + _e10 gráf. pleg. |
||
| 700 | 1 |
_aGarcía López, Jesús. _954842 |
|
| 852 |
_aES-MaACL _jC-8453 _bR.36646 |
||
| 999 |
_c123855 _d123855 |
||